书目信息 |
| 题名: |
中华人民共和国现行会计法律法规汇编
|
|
| 作者: | ;中华人民共和国现行会计法律法规汇编编委会 编 | |
| 分册: | ||
| 出版信息: | 上海 立信会计出版社 2010 |
|
| 页数: | 985页 | |
| 开本: | 26cm | |
| 丛书名: | ||
| 单 册: | ||
| 中图分类: | D922.269 | |
| 科图分类: | ||
| 主题词: | 会计法--中国--汇编 , 会计法 , 法律--中国 | |
| 电子资源: | ||
| ISBN: | 978-7-5429-2480-3 | |
| 000 | 01099nam0 2200265 450 | |
| 001 | 1144422640 | |
| 005 | 20111201122137.14 | |
| 010 | @a978-7-5429-2480-3@b精装@dCNY298.00 | |
| 090 | @aD922.2@bzhr | |
| 096 | @aD922.2@bzhr | |
| 100 | @a20101103d2010 em y0chiy50 ea | |
| 101 | 0 | @achi |
| 102 | @aCN@b310000 | |
| 105 | @ay n 000yy | |
| 200 | 1 | @a中华人民共和国现行会计法律法规汇编@b专著@e2010年最新版@f中华人民共和国现行会计法律法规汇编编委会编@Fzhong hua ren min gong he guo xian xing kuai ji fa lu fa gui hui bian bian wei hui bian@9zhong hua ren min gong he guo xian xing kuai ji fa lv fa gui hui bian |
| 210 | @a上海@c立信会计出版社@d2010 | |
| 215 | @a985页@d26cm | |
| 330 | @a本书包括:综合性会计法规、企业会计法规、注册会计师行业法规、行政事业单位法规汇编四部分。 | |
| 606 | 0 | @a会计法@y中国@j汇编 |
| 606 | 0 | @a会计法 |
| 606 | 0 | @a法律@x中国 |
| 690 | @aD922.269@v4 | |
| 711 | 02 | @a中华人民共和国现行会计法律法规汇编编委会@Azhong hua ren min gong he guo xian xing kuai ji fa lu fa gui hui bian bian wei hui@4编 |
| 801 | 0 | @aCN@b110019@c20100514 |
| 905 | @aZUCC@dD922.269@eX253 | |
| 中华人民共和国现行会计法律法规汇编:2010年最新版/中华人民共和国现行会计法律法规汇编编委会编.-上海:立信会计出版社,2010 |
| 985页;26cm |
| ISBN 978-7-5429-2480-3(精装):CNY298.00 |
| 本书包括:综合性会计法规、企业会计法规、注册会计师行业法规、行政事业单位法规汇编四部分。 |
| ● |
| 相关链接 |
|
|
|
正题名:中华人民共和国现行会计法律法规汇编
索取号:D922.269/X253
 
预约/预借
| 序号 | 登录号 | 条形码 | 馆藏地/架位号 | 状态 | 备注 |
| 1 | 826320 | 208263207 | 社科库509/509社科库 86排8列5层/ [索取号:D922.269/X253] | 在馆 | |
| 2 | 826321 | 208263216 | 社科库509/509社科库 86排8列5层/ [索取号:D922.269/X253] | 在馆 | |
| 3 | 826322 | 208263225 | 社科库509/509社科库 86排8列5层/ [索取号:D922.269/X253] | 在馆 |